Thiên đường Tokyo : Truyện tranh Tập 11

Tokyo năm 2020, thành phố điên cuồng..., một thành phố được mệnh danh là thiên đường của ... thế giới băng đảng, tội ác. Trong cái thế giới hỗn loạn ấy, số phận con người thật nhỏ nhoi, ngắn ngủi. Ở đó, có hai người bạn cùng tuổi, họ...

Volledige beschrijving

Bewaard in:
Bibliografische gegevens
Hoofdauteur: Nakamura, Yoshiki
Formaat: Boek
Taal:Vietnamese
Gepubliceerd in: Tp. Hồ Chí Minh Trẻ 2009
Onderwerpen:
Tags: Voeg label toe
Geen labels, Wees de eerste die dit record labelt!
Thư viện lưu trữ: Thư viện Trường Đại học Nam Cần Thơ
LEADER 01510nam a22001937a 4500
001 NCT_4_005939
008 240322b xxu||||| |||| 00| 0 vie d
999 |c 8188  |d 8188 
020 |c 14000 
082 0 4 |2 23rd ed.  |a 895.63  |b N313/T.11 
100 1 |a Nakamura, Yoshiki 
245 1 0 |a Thiên đường Tokyo :  |b Truyện tranh   |n Tập 11  |c Yoshiki Nakamura 
260 |a Tp. Hồ Chí Minh   |b Trẻ  |c 2009 
300 |a 186 tr.  |b Tranh vẽ  |c 18 cm 
520 3 |a Tokyo năm 2020, thành phố điên cuồng..., một thành phố được mệnh danh là thiên đường của ... thế giới băng đảng, tội ác. Trong cái thế giới hỗn loạn ấy, số phận con người thật nhỏ nhoi, ngắn ngủi. Ở đó, có hai người bạn cùng tuổi, học cùng lớp. Một người là con trai của một tay trùm xã hội đen, người kia là một cô gái có ba mẹ đều là cảnh sát. Tội thay! Cả hai cùng trở nên mồ côi cha mẹ chỉ cách nhau ít ngày... Và duyên số đã buộc họ lại với nhau bằng một sợi dây vô hình, không dứt ra được. 
653 |a Tham khảo 
942 |2 ddc  |c BK 
952 |0 0  |1 0  |2 ddc  |4 0  |6 895_630000000000000_N313_T_11  |7 0  |9 28736  |a 000001  |b 000001  |d 2024-03-22  |o 895.63 N313/T.11  |p TK.03971  |r 2024-03-22  |v 14000.00  |w 2024-03-22  |y BK 
980 |a Thư viện Trường Đại học Nam Cần Thơ